The Expansion of NATO - Statistics

General Stats
  • This quiz has been taken 93 times
  • The average score is 28 of 31
Answer Stats
Hint Answer % Correct
1949 United States
100%
1949 France
98%
1949 Denmark
97%
1949 Luxembourg
97%
1949 United Kingdom
97%
1949 Belgium
95%
1949 Canada
95%
2023 Finland
95%
1949 Italy
95%
1949 Portugal
95%
1952 Greece
93%
1949 Netherlands
93%
1949 Norway
93%
1999 Poland
93%
1982 Spain
93%
2004 Estonia
92%
2004 Latvia
92%
2004 Romania
92%
1999 Hungary
90%
2004 Lithuania
90%
1952 Turkey
90%
2004 Bulgaria
89%
1999 Czech Republic
89%
2004 Slovakia
89%
2004 Slovenia
89%
2009 Croatia
87%
1949 Iceland
84%
2009 Albania
80%
2020 North Macedonia
80%
2017 Montenegro
77%
1955 West Germany
75%
No matching quizzes found
Score Distribution
Percent of People with Each Score
Percentile by Number Answered
Your Score History
You have not taken this quiz